| 000 | 00649nam a2200193 a 4500 | ||
|---|---|---|---|
| 001 | 000017550 | ||
| 005 | 20240412074247.0 | ||
| 008 | 100326s1959 dr 001 1 spa d | ||
| 040 |
_aDO-SdBNP _bspa _cBNPHU |
||
| 082 |
_aRD862.44 _bD671e |
||
| 100 | 1 |
_aDomínguez, Franklin, _d1930- _938299 |
|
| 245 | 1 | 3 |
_aLa espera : _bpieza en tres actos / _cFranklin Domínguez ; prólogo Manuel Valldeperes. |
| 260 |
_aCiudad Trujillo, República Dominicana : _bArte y Cine, _c1959. |
||
| 300 |
_a125 p. ; _c23 cm. |
||
| 650 | 0 |
_aTeatro dominicano _9637 |
|
| 650 | 0 |
_aLiteratura dominicana. _967 |
|
| 700 | 1 |
_aValldeperes, Manuel, _epról. _923258 |
|
| 049 | _aBNPD | ||
| 999 |
_c17075 _d17075 |
||